000 01147cam a22003495i 4500
001 2315011
005 20251122142529.0
008 811006t19811981vtua 001 0 eng
020 _a0882662589
_q(pbk.)
020 _a9780882662589
_q(pbk.)
050 _aTH7414
_b.M47
082 0 4 _a690/.869
_219
100 1 _aMetz, Don,
_d1940-
245 1 0 _aSuperhouse /
_cDon Metz.
260 _aCharlotte, Vermont
_bGarden Way Publishing
_c1981
300 _a150 pages :
_billustrations ;
_c28 cm
500 _aIncludes index.
650 0 _aSolar houses.
650 0 _aSolar energy
_xPassive systems.
650 0 _aDwellings
_xEnergy conservation.
650 6 _aMaisons solaires.
650 6 _aÉnergie solaire
_xSystèmes passifs.
650 6 _aHabitations
_xConsommation.
650 6 _aHabitations
_xÉconomies d'énergie.
650 7 _asolar houses.
_2aat
650 7 _aDwellings
_xEnergy conservation.
_2fast
_0(OCoLC)fst00900017
650 7 _aSolar energy
_xPassive systems.
_2fast
_0(OCoLC)fst01125016
650 7 _aSolar houses.
_2fast
_0(OCoLC)fst01125112
650 1 7 _aZonne-energie.
_2gtt
650 1 7 _aWoningen.
_2gtt
942 _2lcc
_cBK
_n0
999 _c8334
_d8334